005250000a220008500045001000023000002450057000233000041000805000294001217730024004151 aZuccherino, Daniel10a¿Qué es un discípulo? Se necesitan ejemplos... aVol.4, núm.13 (1998), Página 200 aDaniel Zucherino es además de pastor, maestro y autor, abogado y profesor universitario. Ha servido como evangelista del equipo "Vida Nueva" y como asociado del Dr. Luis Palau. Desde 1984 conduce el programa radial "Después de la Noticia" (HCJB) que se difunde en todo el continente.0 tConquista Cristiana